Statistics for Asian Capitals Containing Words #2

Click here to take the quiz!

General Stats

  • This quiz has been taken 101 times
    (100 since last reset)
  • The average score is 8 of 12

Answer Stats

WordAsian Capital% Correct
singSingapore
94%
bagBaghdad
89%
maleMalé
84%
kartJakarta
80%
wardenSri Jayawardenepura Kotte
76%
catMuscat
71%
lamaIslamabad
66%
penPhnom Penh
63%
himThimphu
63%
begBandar Seri Begawan
57%
gabAshgabat
44%
tanAstana
30%

Score Distribution

Percentile by Number Answered

Percent of People with Each Score

Your Score History

You have not taken this quiz since the last reset